000 00683nam a2200193 a 4500
005 20210223122248.0
008 991125 baj 000 0 spa u
035 _aUPN01000032012
049 _aCG
050 4 _aZ675 U5
_bV4.3
100 1 _aVerdugo Sánchez, José Alfredo
245 1 0 _aIntroducción a la biblioteca /
_cJosé Alfredo Verdugo Sánchez, Jesús Ernesto Adams Ruiz.
260 _aBaja California Sur :
_bUABCS, Dirección General de Apoyo Académico, Departamento de Biblioteca
300 _a26 p.
440 0 _aInformación
650 4 _aBIBLIOTECAS UNIVERSITARIAS -
_zBAJA CALIFORNIA SUR
_93064
700 1 _aAdams Ruiz, Jesús Ernesto,
_ecoaut.
905 _aLibro
999 _c32012
_d32012